| 000 | 00470nam a2200181Ia 4500 | ||
|---|---|---|---|
| 001 | 20159 | ||
| 005 | 20260306172745.0 | ||
| 008 | 260306t2011||||xx |||||||||||||| ||spa|| | ||
| 041 | _aESP | ||
| 082 |
_a342.8 _bL86 |
||
| 100 |
_aLópez Sánchez, Javier _eAUT |
||
| 245 | 0 | _aEl sistema de las Class Actions en los Estados Unidos de América | |
| 260 | _c2011 | ||
| 300 |
_axv, 167 páginas : _c24 cm. |
||
| 650 | _aGEN | ||
| 654 | _aCDE | ||
| 942 |
_cLIB _dJUS _fJUS _2ddc _n |
||
| 999 |
_c20159 _d20159 |
||